ბათუმის შოთა რუსთაველის სახელმწიფო უნივერსიტეტის ბიბლიოთეკა

ვეფხისტყაოსნის სახისმეტყველება / (ბიბ.ჩანაწერი № 55915)

000 -ლიდერი
ფიქსირებული სიგრძის საკონტროლო ველი 01283nam a2200253Ia 4500
001 - საკონტროლო ნომერი
საკონტროლო ველი 23013
003 - საკონტროლო ნომრის იდენტიფიკატორი
საკონტროლო ველი GE_BSU
005 - ბოლო ოპერაციის თარიღი და დრო
საკონტროლო ველი 20230504121220.0
008 - ფიქსირებული სიგრძის მონაცემთა ელემენტები - ზოგადი ინფორმაცია
ფიქსირებული სიგრძის საკონტროლო ველი 181216s1991||||ge |||||||||||||| ||geo||
040 ## - კატალოგიზაციის წყარო
Transcribing agency GE_BSU
041 ## - ენის კოდი
Language code of text/sound track or separate title geo
080 ## - უნივერსალური ათობითი კლასიფიკაციის ინდექსი
Universal Decimal Classification number 821.353.1(092რუსთაველი, შ.) გ-19
100 ## - მთავარი ჩანაწერი - პიროვნების სახელი
Personal name გამსახურდია, ზ.
9 (RLIN) 5590
245 ## - ცნობა სათაურის შესახებ
Title ვეფხისტყაოსნის სახისმეტყველება /
Statement of responsibility, etc ზ. გამსახურდია; რედ.: სარგის ცაიშვილი; საქ. მეცნ. აკად., რუსთაველის სახ. ქართ. ლიტ. ინ-ტი.
264 ## - წარმოების, გამოცემის, დისტრიბუციის და სხვა ცნობები
გამოცემის, წარმოების, დისტრიბუციის... ადგილი თბილისი :
გამოცემის, წარმოების, დისტრიბუციის... სახელწოდება მეცნიერება,
გამოცემის, წარმოების, დისტრიბუციის... თარიღი 1991.
300 ## - ფიზიკური აღწერა
Extent 356 გვ. ;
Other physical details 20 სმ.
504 ## - BIBLIOGRAPHY, ETC. NOTE
Bibliography, etc ბიბლიოგრ.: გვ. 343.
520 ## - SUMMARY, ETC.
Summary, etc რეზ. ინგლ. ენ..
653 ## - INDEX TERM--UNCONTROLLED
Uncontrolled term ვეფხისტყაოსნის სახისმეტყველება
653 ## - INDEX TERM--UNCONTROLLED
Uncontrolled term რუსთაველი შოთა და მისი "ვეფხისტყაოსანი"
700 ## - ADDED ENTRY--PERSONAL NAME
Personal name ცაიშვილი, სარგის
Relator term რედაქტორი
9 (RLIN) 5577
942 ## - ADDED ENTRY ELEMENTS (KOHA)
Koha item type წიგნი
Source of classification or shelving scheme
ეგზემპლარები
ჩამოწერის სტატუსი დაკარგული ეგზემპლარის სტატუსი კლასიფიკაციის წყარო ან თაროზე გაწყობის სქემა დაზიანების სტატუსი არ გაიცემა მუდმივი მდებარეობა (დაცვის ადგილი) ამჟამინდელი ადგილსამყოფელი თაროზე განთავსების ადგილი შეძენის თარიღი ღირებულება, შესყიდვის ნორმალური ფასი სრული შენახვის შიფრი შტრიხკოდი ბოლო ოპერაციის თარიღი ეგზემპლარის მიმდევრობითი ნომერი (კეტერი?) ფასის ძალაში შესვლის თარიღი ეგზემპლარის სახეობა საჯარო შენიშვნა
          ბათუმის შოთა რუსთაველის სახელმწიფო უნივერსიტეტის მთავარი ბიბლიოთეკა ბათუმის შოთა რუსთაველის სახელმწიფო უნივერსიტეტის მთავარი ბიბლიოთეკა წიგნსაცავი 2018-12-17 9.60 821.353.1(092რუსთაველი, შ.) გ-19 58414 2018-12-17 58414 2018-12-17 წიგნი 9 ლ. 60 თ.